[Event "Regionalliga SW 1415"]
[Site "Bayern"]
[Date "2015.01.18"]
[Round "5.1"]
[White "Bossov, Ahmed"]
[Black "Grimberg, Boris"]
[Result "1-0"]
[WhiteElo "2195"]
[BlackElo "2307"]
[PlyCount "93"]
[EventDate "2014.10.19"]
[EventType "team-tourn"]
[EventRounds "9"]
[EventCountry "GER"]
[SourceTitle "EXT 2018"]
[Source "ChessBase"]
[SourceDate "2017.10.13"]
[SourceVersion "1"]
[SourceVersionDate "2017.10.13"]
[SourceQuality "1"]
[WhiteTeam "Solln"]
[BlackTeam "Haunstetten"]
[WhiteTeamCountry "GER"]
[BlackTeamCountry "GER"]

1. e4 d5 2. exd5 Qxd5 3. Nc3 Qd6 4. d4 Nf6 5. Nf3 g6 6. Ne5 Bg7 7. Bc4 0-0 8. Be3 a6 9. Bb3 Nc6 10. Nc4 Qd8 11. f3 b5 12. Ne5 Na5 13. Qd2 Nxb3 14. axb3 Bb7 15. 0-0-0 Qd6 16. Nd3 Rfd8 17. Ne2 a5 18. Bf4 Qb6 19. Be5 a4 20. b4 a3 21. b3 Nd5 22. Bxg7 Kxg7 23. c4 Nf6 24. Kb1 bxc4 25. bxc4 a2+ 26. Ka1 Ra3 27. Qb2 Rda8 28. Nc5 Bc8 29. Nc3 c6 30. g4 Qc7 31. g5 Ne8 32. d5 Kg8 33. dxc6 Be6 34. Nb5 Qxc6 35. Nxa3 Qxf3 36. Nxe6 Rxa3 37. Nd4 Qh3 38. Nc6 Rb3 39. Qe5 Rb1+ 40. Rxb1 axb1R+ 41. Kxb1 Qd3+ 42. Kb2 Nd6 43. Rc1 Qd2+ 44. Kb1 Qd3+ 45. Ka2 Nxc4 46. Qc3 Qe2+ 47. Rc2 1-0